|
|
|
|
| LEADER |
00000 km a2200000 a 4500 |
| 001 |
vtls001314354 |
| 003 |
SK-MaSNL |
| 005 |
20260301200105.0 |
| 008 |
200701s1902 xo 0k|hun |
| 035 |
|
|
|a SNK000266813
|
| 040 |
|
|
|a SNK
|b slo
|c SNK
|e AACR2
|
| 041 |
0 |
|
|a hun
|
| 043 |
|
|
|a e-xo---
|
| 044 |
|
|
|a xr
|c CZ
|
| 080 |
|
|
|a 908(437.6)
|2 2011
|
| 080 |
|
|
|a (084.121)
|2 2011
|
| 245 |
0 |
0 |
|a Tatra
|h grafika
|b Kis - Tarpatak
|
| 260 |
|
|
|a Teschen
|b Ede
|c 1902
|
| 300 |
|
|
|a 1 pohľadnica
|c 14 x 9 cm
|
| 651 |
|
7 |
|a Vysoké Tatry (Poľsko a Slovensko : pohorie)
|2 SNKPHgeo
|9 67729
|
| 655 |
|
7 |
|a miestne pohľadnice
|2 SNKPH
|9 70510
|
| 752 |
|
|
|a Česko
|d Tešín
|
| 958 |
|
|
|a GBN
|
| 958 |
|
|
|a GC
|
| 958 |
|
|
|a ONDV
|
| 999 |
|
|
|c 888917
|d 890847
|
| 952 |
|
|
|t P60, <04>, [BOOK], {604}
|a SNK
|b SNK
|y PREZ
|7 0
|o snkSP 86363 D1
|i snkPV 480/97
|0 0
|1 0
|4 0
|d 1997-12-12
|l 0
|r 2005-01-02 00:00:00
|w 2026-02-24
|